Central Library OPAC University of Rajshahi

The Scandinavian world / (Record no. 21879)

MARC details
000 -LEADER
fixed length control field 00862cam a2200277 4500
001 - CONTROL NUMBER
control field 21879
003 - CONTROL NUMBER IDENTIFIER
rucl marc code BD-RjUL
005 - DATE AND TIME OF LATEST TRANSACTION
control field 20211209000736.0
008 - FIXED-LENGTH DATA ELEMENTS--GENERAL INFORMATION
fixed length control field 140305r19631957enkab b 001 0 eng
035 ## - SYSTEM CONTROL NUMBER
System control number (BD-RjUL)21944
040 ## - CATALOGING SOURCE
Original cataloging agency DLC
Transcribing agency DLC
Modifying agency BD-RjUL
Language of cataloging eng
041 ## - LANGUAGE CODE
Language code of text/sound track or separate title eng
082 00 - DEWEY DECIMAL CLASSIFICATION NUMBER
Classification number 914.8
Author mark and year ODS 1963
100 1# - MAIN ENTRY--PERSONAL NAME
Personal name O'Dell, Andrew Charles,
Dates associated with a name 1909-
9 (RLIN) 20194
245 14 - TITLE STATEMENT
Title The Scandinavian world /
Statement of responsibility, etc. Andrew Charles O'Dell.
260 ## - PUBLICATION, DISTRIBUTION, ETC. (IMPRINT)
Place of publication, distribution, etc. London :
Name of publisher, distributor, etc. Longmans, Green,
Date of publication, distribution, etc. 1957 [Impression 1963].
300 ## - PHYSICAL DESCRIPTION
Pagination xvi, 549 p. :
Illustrations illus., maps, diagrs. ;
Size 23 cm.
490 0# - SERIES STATEMENT
Series statement Geographies for advanced study
504 ## - BIBLIOGRAPHY, ETC. NOTE
Bibliography, etc Bibliography: p. 533-541.
Bibliography, etc Includes index.
651 #0 - SUBJECT ADDED ENTRY--GEOGRAPHIC NAME
Geographic name Scandinavia
General subdivision Description and travel.
9 (RLIN) 67071
Geographic name Greenland
General subdivision Description and travel.
9 (RLIN) 67557
942 ## - ADDED ENTRY ELEMENTS (KOHA)
Source of classification or shelving scheme Dewey Decimal Classification
Koha item type Books
Holdings
Lost status Source of classification or shelving scheme Damaged status Not for loan Collection code Permanent Location Current Location Shelving location Date acquired Source of acquisition Cost, normal purchase price Total Checkouts Full call number Date last seen Copy number Koha item type
  Dewey Decimal Classification     Non-fiction Central Library, University of Rajshahi Central Library, University of Rajshahi   27/08/1968 Zeitlinger 60.00   914.8 ODS 1963 05/03/2014 C-2 Books